[Event "Nikaia op 16th"]
[Site "Nikaia"]
[Date "2008.08.31"]
[Round "8"]
[White "Hristodoulou, Panagiotis"]
[Black "Ronchetti, Niccolo"]
[Result "0-1"]
[WhiteElo "2102"]
[BlackElo "2434"]
[PlyCount "120"]
[EventDate "2008.08.25"]
[EventType "swiss"]
[EventRounds "9"]
[EventCountry "GRE"]
[SourceTitle "CBM 126 Extra"]
[Source "ChessBase"]
[SourceDate "2008.11.05"]
[SourceVersion "1"]
[SourceVersionDate "2008.11.05"]
[SourceQuality "1"]

1. e4 g6 2. d4 Bg7 3. Nc3 d6 4. Be3 Nd7 5. Qd2 a6 6. a4 Ngf6 7. f3 b6 8. Nh3 c5 9. Be2 cxd4 10. Bxd4 Nc5 11. Nf2 0-0 12. 0-0 Bb7 13. Rfd1 Rc8 14. Nd5 Ncd7 15. b4 e5 16. Nxf6+ Nxf6 17. Bb2 d5 18. exd5 Nxd5 19. c4 Nf4 20. Qxd8 Nxe2+ 21. Kf1 Rfxd8 22. Kxe2 Bf8 23. Rxd8 Rxd8 24. Rd1 Rxd1 25. Kxd1 f6 26. Bc3 Kf7 27. Kc2 Ke6 28. Kd3 f5 29. Bd2 h5 30. Kc3 Be7 31. Be3 Bd8 32. Kd3 g5 33. h3 g4 34. hxg4 hxg4 35. fxg4 f4 36. Bd2 Bxg2 37. Ne4 Bf1+ 38. Kc3 Be2 39. c5 Bxg4 40. cxb6 Bxb6 41. Nc5+ Kd5 42. a5 Bxc5 43. bxc5 Bd7 44. Kc2 Ba4+ 45. Kd3 Bb5+ 46. Kc2 Ke4 47. Kd1 Kf3 48. Ke1 e4 49. Bc3 e3 50. Bd4 Ke4 51. Bf6 f3 52. Bh4 Kf4 53. c6 Bxc6 54. Kf1 Bb5+ 55. Kg1 Kg4 56. Be1 Kf4 57. Bh4 Ke4 58. Bg3 Kd3 59. Kf1 Kd2+ 60. Kg1 Ke2 0-1

[Event "Nikaia op 16th"]
[Site "Nikaia"]
[Date "2008.08.30"]
[Round "6"]
[White "Stoumbos, Konstantinos"]
[Black "Ronchetti, Niccolo"]
[Result "1-0"]
[WhiteElo "2161"]
[BlackElo "2434"]
[PlyCount "67"]
[EventDate "2008.08.25"]
[EventType "swiss"]
[EventRounds "9"]
[EventCountry "GRE"]
[SourceTitle "CBM 126 Extra"]
[Source "ChessBase"]
[SourceDate "2008.11.05"]
[SourceVersion "1"]
[SourceVersionDate "2008.11.05"]
[SourceQuality "1"]

1. e4 c5 2. Nf3 Nc6 3. d4 cxd4 4. Nxd4 g6 5. Nc3 Bg7 6. Be3 Nf6 7. Bc4 0-0 8. Bb3 a5 9. 0-0 a4 10. Nxa4 Nxe4 11. Nb5 d5 12. c3 e6 13. Qe2 Be5 14. Rad1 Qf6 15. f4 Bb8 16. Nb6 Ra6 17. c4 d4 18. Rxd4 Nxd4 19. Bxd4 Qd8 20. c5 Bd7 21. Rd1 Bxb5 22. Qxb5 Bxf4 23. Qe2 Ng5 24. h4 e5 25. Bf2 Qf6 26. hxg5 Qxg5 27. Rd7 e4 28. Qxe4 Ra5 29. Rxf7 Bh2+ 30. Kxh2 Qh6+ 31. Bh4 Rxf7 32. Qe8+ Qf8 33. Bxf7+ Kg7 34. Bf6+ 1-0

[Event "Wch U20"]
[Site "Gaziantep"]
[Date "2008.08.12"]
[Round "10"]
[White "Gopal, Geetha Narayanan"]
[Black "Ronchetti, Niccolo"]
[Result "1-0"]
[WhiteElo "2572"]
[BlackElo "2434"]
[PlyCount "75"]
[EventDate "2008.08.03"]
[EventType "swiss"]
[EventRounds "13"]
[EventCountry "TUR"]
[SourceTitle "CBM 125 Extra"]
[Source "ChessBase"]
[SourceDate "2008.09.01"]
[SourceVersion "1"]
[SourceVersionDate "2008.09.01"]
[SourceQuality "1"]

1. e4 c5 2. Nf3 Nc6 3. Nc3 g6 4. d4 cxd4 5. Nxd4 Bg7 6. Be3 Nf6 7. Bc4 0-0 8. Bb3 a5 9. 0-0 a4 10. Nxa4 Nxe4 11. Nb5 Ra6 12. f3 Nf6 13. c4 Na5 14. Nac3 d6 15. Qe2 Nxb3 16. axb3 d5 17. Rad1 e6 18. Kh1 Re8 19. Bf4 Rc6 20. Rfe1 h6 21. Qf2 Kh7 22. Be5 Rg8 23. Qd4 Qe7 24. Na7 Ra6 25. b4 dxc4 26. b5 Ra5 27. Qb6 Nd7 28. Nxc8 Rxc8 29. Rxd7 Qxd7 30. Qxa5 Qd2 31. Qa1 Ra8 32. Qb1 Bxe5 33. Rxe5 Qd3 34. Re1 e5 35. Rd1 Qxb1 36. Rxb1 Rd8 37. Rd1 Rd4 38. Kg1 1-0

[Event "Wch U20"]
[Site "Gaziantep"]
[Date "2008.08.10"]
[Round "8"]
[White "Neimer, Vitaly"]
[Black "Ronchetti, Niccolo"]
[Result "1/2-1/2"]
[WhiteElo "2316"]
[BlackElo "2434"]
[PlyCount "68"]
[EventDate "2008.08.03"]
[EventType "swiss"]
[EventRounds "13"]
[EventCountry "TUR"]
[SourceTitle "CBM 125 Extra"]
[Source "ChessBase"]
[SourceDate "2008.09.01"]
[SourceVersion "1"]
[SourceVersionDate "2008.09.01"]
[SourceQuality "1"]

1. e4 g6 2. Nc3 Bg7 3. g3 c6 4. Bg2 e5 5. Nge2 d6 6. d4 Qe7 7. 0-0 Nf6 8. f4 exd4 9. Nxd4 0-0 10. h3 Nbd7 11. Re1 Nc5 12. Kh2 Qc7 13. Be3 Re8 14. Bf2 Bd7 15. Nb3 Ne6 16. Qd2 Rad8 17. Rad1 Bc8 18. a4 b6 19. Nd4 Bb7 20. Nxe6 fxe6 21. g4 d5 22. e5 Nd7 23. Bh4 Rc8 24. Kh1 a6 25. b3 c5 26. Ne4 Nxe5 27. Ng5 h6 28. fxe5 hxg5 29. Qxg5 Kh7 30. Bg3 Rf8 31. Qh4+ Kg8 32. Qg5 Kh7 33. Qh4+ Kg8 34. Qg5 Kh7 1/2-1/2

[Event "Wch U20"]
[Site "Gaziantep"]
[Date "2008.08.08"]
[Round "7"]
[White "Mijovic, Stefan"]
[Black "Ronchetti, Niccolo"]
[Result "1/2-1/2"]
[WhiteElo "2289"]
[BlackElo "2434"]
[PlyCount "37"]
[EventDate "2008.08.03"]
[EventType "swiss"]
[EventRounds "13"]
[EventCountry "TUR"]
[SourceTitle "CBM 125 Extra"]
[Source "ChessBase"]
[SourceDate "2008.09.01"]
[SourceVersion "1"]
[SourceVersionDate "2008.09.01"]
[SourceQuality "1"]

1. e4 c5 2. Nf3 Nc6 3. d4 cxd4 4. Nxd4 Nf6 5. Nc3 e5 6. Ndb5 d6 7. Bg5 a6 8. Na3 b5 9. Nd5 Be7 10. Bxf6 Bxf6 11. c3 0-0 12. Nc2 Rb8 13. h4 Be6 14. Nce3 Be7 15. Bd3 Qd7 16. Qe2 Qb7 17. g3 Bd8 18. 0-0 Ne7 19. Nxe7+ 1/2-1/2

[Event "Wch U20"]
[Site "Gaziantep"]
[Date "2008.08.04"]
[Round "2"]
[White "Khamrakulov, Djurabek"]
[Black "Ronchetti, Niccolo"]
[Result "1-0"]
[WhiteElo "2554"]
[BlackElo "2434"]
[PlyCount "125"]
[EventDate "2008.08.03"]
[EventType "swiss"]
[EventRounds "13"]
[EventCountry "TUR"]
[SourceTitle "CBM 125 Extra"]
[Source "ChessBase"]
[SourceDate "2008.09.01"]
[SourceVersion "1"]
[SourceVersionDate "2008.09.01"]
[SourceQuality "1"]

1. e4 c5 2. Nf3 Nc6 3. c3 d5 4. exd5 Qxd5 5. d4 Nf6 6. Be2 e6 7. 0-0 cxd4 8. cxd4 Be7 9. Nc3 Qd6 10. Be3 0-0 11. a3 b6 12. Rc1 Bb7 13. Bd3 Rfd8 14. Bb1 Rac8 15. Qd3 g6 16. Rfd1 Na5 17. Ba2 Bxf3 18. gxf3 Nd5 19. Nxd5 exd5 20. Qb5 Qe6 21. Rxc8 Qxc8 22. Rc1 Qf5 23. b4 Nb7 24. Qc6 Bg5 25. Rc3 Rd7 26. Kg2 Nd8 27. Bb1 Qe6 28. Qc8 Bxe3 29. fxe3 Qd6 30. Bc2 Kg7 31. Ba4 Re7 32. Qg4 f5 33. Qg3 f4 34. exf4 Ne6 35. f5 Qxg3+ 36. hxg3 Nxd4 37. fxg6 hxg6 38. Rd3 Nf5 39. Kf2 d4 40. g4 Re3 41. Bc2 Rxd3 42. Bxd3 Ne3 43. g5 Nd1+ 44. Ke1 Ne3 45. Be4 Ng2+ 46. Kf2 Nf4 47. Kg3 Ne2+ 48. Kg4 a5 49. b5 Nc3 50. Bd3 Nd1 51. Kf4 Nf2 52. Be2 d3 53. Ke3 Nh3 54. Kxd3 Nxg5 55. Kd4 Kf6 56. Kd5 Ne6 57. Bd1 Nc5 58. Kc6 Nd3 59. Kxb6 Nb2 60. Kc7 Nxd1 61. b6 Nc3 62. b7 Nb5+ 63. Kb6 1-0

[Event "Wch U20"]
[Site "Gaziantep"]
[Date "2008.08.04"]
[Round "3"]
[White "Ronchetti, Niccolo"]
[Black "Martins, Vinicius Tine"]
[Result "1-0"]
[WhiteElo "2434"]
[BlackElo "2292"]
[PlyCount "177"]
[EventDate "2008.08.03"]
[EventType "swiss"]
[EventRounds "13"]
[EventCountry "TUR"]
[SourceTitle "CBM 125 Extra"]
[Source "ChessBase"]
[SourceDate "2008.09.01"]
[SourceVersion "1"]
[SourceVersionDate "2008.09.01"]
[SourceQuality "1"]

1. e4 e5 2. Nf3 Nc6 3. Bb5 Nf6 4. Qe2 Bc5 5. c3 0-0 6. d3 d6 7. Bg5 Bd7 8. Nbd2 Qe7 9. Nf1 a6 10. Ba4 b5 11. Bc2 h6 12. Bh4 Nb8 13. Ne3 c6 14. 0-0 Bb6 15. a4 Ra7 16. a5 Bc7 17. d4 g6 18. b4 Bd8 19. dxe5 dxe5 20. Nxe5 Qxe5 21. Bg3 Qxc3 22. Bxb8 Rb7 23. Bd6 Re8 24. Qf3 Be7 25. Bxe7 Rxe7 26. Nf5 Qxb4 27. Rab1 Qc5 28. Nxe7+ Qxe7 29. Qf4 Ng4 30. Bb3 Kg7 31. Rfd1 c5 32. Qd6 Qxd6 33. Rxd6 Ra7 34. Rbd1 Be8 35. Rd8 Kf8 36. f3 Ne5 37. Rc8 c4 38. Ba2 Nc6 39. Rd5 Nxa5 40. Rdd8 Re7 41. Kf2 Nb7 42. Rd5 Kg7 43. Ke3 Re6 44. Rc7 Bc6 45. Rd4 Nc5 46. Bxc4 bxc4 47. Rxc4 Nxe4 48. R4xc6 Nd6+ 49. Kd3 Kf6 50. Rxa6 Nf5 51. Rxe6+ Kxe6 52. g3 h5 53. Ke4 Kf6 54. Kf4 Ne7 55. Ra7 Nd5+ 56. Ke4 Nc3+ 57. Ke3 Nd5+ 58. Kd4 Ne7 59. Ke4 Nf5 60. Ra6+ Kg7 61. Ke5 Ne3 62. Ra7 Nf5 63. g4 hxg4 64. fxg4 Nh4 65. Kf4 Ng2+ 66. Kg5 Ne1 67. Ra3 Nc2 68. Rd3 Ne1 69. Rc3 Ng2 70. Rc7 Ne1 71. Rd7 Nf3+ 72. Kf4 Nh4 73. h3 Kf6 74. Rd6+ Kg7 75. Ra6 Ng2+ 76. Kg3 Ne3 77. h4 Nd5 78. Rd6 Nf6 79. Kf4 Ne8 80. Rd4 Kf6 81. Rb4 Nc7 82. Rb6+ Ne6+ 83. Ke4 Kg7 84. Ke5 Nc5 85. Rd6 Kh6 86. Kd4 Nb3+ 87. Kc4 Na5+ 88. Kb4 Nb7 89. Rd7 1-0

[Event "ITA-chT"]
[Site "Arvier"]
[Date "2008.05.04"]
[Round "7.1"]
[White "Garcia Palermo, Carlos H"]
[Black "Ronchetti, Niccolo"]
[Result "1/2-1/2"]
[WhiteElo "2465"]
[BlackElo "2327"]
[PlyCount "59"]
[EventDate "2008.05.01"]
[EventType "team"]
[EventRounds "7"]
[EventCountry "ITA"]
[SourceTitle "CBM 124 Extra"]
[Source "ChessBase"]
[SourceDate "2008.07.03"]
[SourceVersion "1"]
[SourceVersionDate "2008.07.03"]
[SourceQuality "1"]

1. d4 d5 2. Nf3 Nf6 3. c4 dxc4 4. e3 e6 5. Bxc4 c5 6. 0-0 a6 7. a4 Nc6 8. Qe2 cxd4 9. Rd1 Be7 10. Nxd4 Nxd4 11. exd4 Bd7 12. Nc3 Bc6 13. Bg5 0-0 14. Rd3 Rc8 15. b3 Re8 16. Rad1 Nd5 17. Bxe7 Nxc3 18. Rxc3 Qxe7 19. Qe5 Qc7 20. a5 Qxe5 21. dxe5 Bd5 22. Rdc1 Bxc4 23. Rxc4 Rxc4 24. Rxc4 Rd8 25. f4 g5 26. fxg5 Rd5 27. b4 Rxe5 28. h4 Kg7 29. Kf2 b6 30. axb6 1/2-1/2